000 01639nam a2200289Ia 4500
999 _c52532
_d52532
001 19556
003 GE_BSU
005 20230529165845.0
008 181216s1999||||ge |||||||||||||| ||geo||
040 _cGE_BSU
041 _ageo
080 _a81(479.22)(092) ლ-81
100 _aლომთათიძე, გიორგი
_97691
245 _aგამდიდრებისათვის ქართულისა ჩემისა /
_cგიორგი ლომთათიძე; შემდგ. გურამ ბედოშვილი; რედ. გუჩა კვარაცხელია, ოთარ ლორთქიფანიძე.
264 _aთბილისი :
_bქართული ენა,
_c1999.
300 _a140 გვ. ;
_c20 სმ.
500 _aკანზე: გიორგი ლომთათიძე 85
520 _aრეზიუმე ინგლისურ ენაზე
541 _h4ლ.
653 _aქართველი ენათმეცნიერები
653 _aლომთათიძე, გიორგი
700 _aბედოშვილი, გურამ
_eშემდგენელი
_97692
700 _aკვარაცხელია, გუჩა
_eრედაქტორი
_91200
700 _aლორთქიფანიძე, ოთარ
_eრედაქტორი
_91433
710 _aსაქ. მეცნ. აკადემია
_94066
_b ენათმეცნ. ინ-ტი, არქეოლოგიური კვლევის ცენტრი.
942 _cBK
_2udc